000 00479nam a22001817a 4500
999 _c6129
_d6127
005 20210827122857.0
008 200317b xxu||||| |||| 00| 0 eng d
020 _a9788123902784
041 _aeng
082 _a615
100 _aALI, MOHAMMED
_96709
245 _aTEXT BOOK OF PHARMACOGNOSY ( REVISED AS PER LASTEST PCI SYLLABUS)
250 _a2'ND
260 _aNEW DELHI
_bCBS PUBLISHERS AND DISTRIBUTORS
300 _a518 P. V
650 _aPHARMACY
_96775
942 _cBK